[Event "SVK-ch U14"]
[Site "Stara Lubovna"]
[Date "2021.07.01"]
[Round "7"]
[White "Madlenak, Matus"]
[Black "Selvek, David"]
[Result "0-1"]
[WhiteElo "1014"]
[BlackElo "1317"]
[PlyCount "92"]
[EventDate "2021.06.26"]
[EventType "swiss"]
[EventRounds "9"]
[EventCountry "SVK"]
[SourceTitle "CBM 203 Extra"]
[Source "ChessBase"]
[SourceDate "2021.09.30"]
[SourceVersion "1"]
[SourceVersionDate "2021.09.30"]
[SourceQuality "1"]

1. e4 e5 2. Nf3 Nc6 3. Bc4 Bc5 4. 0-0 Nf6 5. Nc3 0-0 6. d3 h6 7. Re1 d6 8. h3 Re8 9. Be3 Bxe3 10. Rxe3 Be6 11. Bxe6 Rxe6 12. Nd5 a5 13. Nxf6+ Qxf6 14. c3 b5 15. d4 Ree8 16. dxe5 dxe5 17. Rd3 Red8 18. Rxd8+ Rxd8 19. Qb3 b4 20. cxb4 axb4 21. Rd1 Rxd1+ 22. Qxd1 Nd4 23. Nxd4 exd4 24. Qc1 c6 25. Qc4 Qd6 26. a3 c5 27. axb4 cxb4 28. Qc8+ Kh7 29. Qf5+ Qg6 30. Qxg6+ Kxg6 31. Kf1 f5 32. exf5+ Kxf5 33. Ke2 g5 34. Kd3 Ke5 35. g3 h5 36. h4 g4 37. b3 Kd5 38. f4 gxf3 39. Kd2 Ke4 40. g4 hxg4 41. h5 g3 42. Ke1 Ke3 43. Kd1 f2 44. Kc2 f1Q 45. h6 Qe2+ 46. Kb1 g2 0-1

[Event "SVK-ch U14"]
[Site "Stara Lubovna"]
[Date "2021.06.26"]
[Round "1"]
[White "Selvek, David"]
[Black "Rakovsky, Jakub"]
[Result "0-1"]
[WhiteElo "1317"]
[BlackElo "1737"]
[PlyCount "75"]
[EventDate "2021.06.26"]
[EventType "swiss"]
[EventRounds "9"]
[EventCountry "SVK"]
[SourceTitle "CBM 203 Extra"]
[Source "ChessBase"]
[SourceDate "2021.09.30"]
[SourceVersion "1"]
[SourceVersionDate "2021.09.30"]
[SourceQuality "1"]

1. e4 c5 2. Nf3 d6 3. Bc4 Nc6 4. c3 Nf6 5. Ng5 Ne5 6. Na3 h6 7. d4 Nxc4 8. Nxc4 hxg5 9. dxc5 dxc5 10. Qc2 Qc7 11. g3 b5 12. Na3 Bb7 13. f3 Qxg3+ 14. hxg3 Rxh1+ 15. Kd2 Rh2+ 16. Kd1 Rxc2 17. Kxc2 b4 18. Nb5 Kd7 19. cxb4 a6 20. Na3 cxb4 21. Nc4 Rc8 22. Kb3 Ke8 23. Bxg5 Nd7 24. Kxb4 a5+ 25. Kb5 Rc5+ 26. Ka4 Rxc4+ 27. Kxa5 Bc6 28. b3 Rc5+ 29. Kb4 e6 30. Bd2 Ne5 31. Ka3 Nd3 32. b4 Rc2 33. Rd1 Bb5 34. f4 Bc4 35. Ra1 Rxd2 36. f5 Bxb4+ 37. Ka4 Rb2 38. Rb1 0-1